Complete Advanced Workbook with answers
Uložené v:
| Hlavní autori: | , |
|---|---|
| Médium: | Kniha |
| Jazyk: | English |
| Vydavateľské údaje: |
Cambridge
Cambridge University Press
2014
|
| Vydanie: | Second edition |
| Edícia: | Cambridge English
|
| On-line prístup: | View in OPAC |
| Tagy: |
Žiadne tagy, Buďte prvý, kto otaguje tento záznam!
|
MARC
| LEADER | 00000nam a2200000 a 4500 | ||
|---|---|---|---|
| 005 | 20260127134120.0 | ||
| 008 | 191007 2014 xxka 000 0 eng d | ||
| 020 | |a 9781107675179 | ||
| 035 | |a vtls011891707 | ||
| 039 | 9 | |a 201910070936 |b mschk03 |c 201910070918 |d mschk03 |y 201910070910 |z mschk03 | |
| 040 | |a STUSCHK1 |b slo |c STUSCHK1 |e AACR2 | ||
| 100 | 1 | |a Matthews, Laura | |
| 245 | 1 | |a Complete Advanced |b Workbook with answers |c Laura Matthews and Barbara Thomas | |
| 250 | |a Second edition | ||
| 260 | |a Cambridge |b Cambridge University Press |c 2014 | ||
| 300 | |a 96 s. |i ll. |c 27,5 cm | ||
| 490 | |a Cambridge English | ||
| 700 | 1 | |a Thomas Barbara |4 aut | |
| 910 | |a SCHK95 | ||
| 919 | |a 978-1-107-67517-9 | ||
| 999 | |c 4431 |d 4431 | ||